000 00577nam a2200229Ia 4500
003 OSt
005 20220924141009.0
006 a|||||r|||| 00| 0
007 ta
008 220923b |||||||| |||| 00| 0 ben d
024 _a296843
037 _cTextual
040 _aARTS
_cARTS
_bben
041 _2ben
_aben
082 _aO157,3N155:g, M5
100 _aRakhit
_9211757
245 0 _aKabyabeej o Kamal Kumar Majumdar
260 _c1985
650 _aBENGALI LITERATURE
942 _hO157,3N155:g, M5
_cTEXL
_2CC
999 _c445943
_d445943